| 000 | 00712nam a2200217 i 4500 | ||
|---|---|---|---|
| 001 | 124626 | ||
| 003 | ES-MaACL | ||
| 007 | t| | ||
| 008 | 070410s1949 sp ||||1| spa d | ||
| 080 | _a72(46) | ||
| 100 | 1 |
_aCalzada, Andrés. _933933 |
|
| 245 | 1 | 0 |
_aHistoria de la arquitectura española _b: con un estudio sobre la arquitectura del siglo XX por A. Cirici Pellicer / _cAndrés Calzada. |
| 250 | _a2ª ed. | ||
| 260 |
_aBarcelona : _bLabor, _c[1949] |
||
| 300 |
_a460 p., XXXVIII p. de lám. : _bil. ; _c17 cm. |
||
| 490 | 1 |
_aColección Labor ; _v439-441 |
|
| 700 | 1 |
_aCirici, Alexandre. _938890 |
|
| 830 | 0 | 0 |
_aColección Labor _v439-441 _9184254 |
| 852 |
_aES-MaACL _jE-2890 |
||
| 999 |
_c124626 _d124626 |
||